000 00533nam a2200193 a 4500
001 1761993634224
003 YourLibrary
005 20251101161254.0
008 251101s2007##################000#0#eng##
020 _a9780195311587
082 0 4 _a612.82
_bBEC
100 1 _aBecker, Jill B.,
_eauthor.
245 1 0 _aSex Differences in the Brain:From Genes to Behavior :
260 _bOxford University Press, USA,
_c2007.
300 _a512 pages
650 0 _aMedical.
942 _cENGLISH
040 _aYourLibrary
_beng
_cYourLibrary
999 _c595145
_d595145